|
|
|
|
| LEADER |
00000n m0a2200000 4500 |
| 001 |
128978 |
| 005 |
20240814162845.0 |
| 010 |
|
|
|a 5020126411
|
| 035 |
|
|
|a (RuTPU)RU\TPU\book\139573
|
| 090 |
|
|
|a 128978
|
| 100 |
|
|
|a 20080117d1988 m y0rusy5003 ca
|
| 101 |
1 |
|
|a rus
|c eng
|
| 102 |
|
|
|a RU
|
| 105 |
|
|
|a a z 000ay
|
| 200 |
1 |
|
|a Аббатство кошмаров; Усадьба Грилла
|f Т. Л. Пикок
|g пер. с англ. Е. Суриц ; авт. послесл. Е. Ю. Гениева
|
| 210 |
|
|
|a Москва
|c Наука
|d 1988
|
| 215 |
|
|
|a 422,[1] с., [9] л. ил.
|d 23 см
|
| 225 |
1 |
|
|a Литературные памятники
|
| 327 |
0 |
|
|a В доп.: Эссе о модной литературе; Четыре века поэзии; Письма и дневники лорда Байрона; Французские комические романы; The Epicier; Воспоминания о Перси Биши Шелли; Стихотворения. В прил.: Сатирик Пикок, "смеющийся философ" / Е. Ю. Гениева
|
| 600 |
|
1 |
|a Шелли
|b Перси Биши
|
| 600 |
|
1 |
|a Байрон
|b Дж. Н. Г.
|c английский поэт
|f 1788-1824
|g Джордж Ноэл Гордон
|2 stltpush
|3 (RuTPU)RU\TPU\pers\9270
|9 1826
|
| 606 |
1 |
|
|a Английская литература
|9 52454
|
| 610 |
1 |
|
|a художественная литература
|
| 610 |
1 |
|
|a романы
|
| 610 |
1 |
|
|a литературные памятники
|
| 675 |
|
|
|a 82
|v 4
|
| 700 |
|
1 |
|a Пикок
|b Т. Л.
|g Томас Лав
|4 070
|
| 702 |
|
1 |
|a Суриц
|b Е.
|4 730
|
| 702 |
|
1 |
|a Гениева
|b Е. Ю.
|4 075
|
| 801 |
|
0 |
|a RU
|b RuMRKP
|c 19950417
|g psbo
|
| 801 |
|
1 |
|a RU
|b 63413507
|c 20080117
|g PSBO
|
| 801 |
|
2 |
|a RU
|b 63413507
|c 20080117
|g PSBO
|
| 942 |
|
|
|c BK
|